Word Ladder: Two Fast Food Chains Quiz Stats

 Plays Quiz Updated Nov 18, 2015

Challenge
Share
Tweet
Embed
Score 0/18 Timer 02:00
0 Plays Today
Hint Word % Correct
3-Letter LadderCOP
97.1%
3-Letter LadderCUB
94.7%
3-Letter LadderCUP
90.8%
3-Letter LadderDEN
89.5%
4-Letter LadderDIES
86.3%
3-Letter LadderPEN
85.9%
4-Letter LadderDIRT
83.2%
4-Letter LadderDART
82.5%
4-Letter LadderDIET
79.9%
Hint Word % Correct
4-Letter LadderTART
78.9%
4-Letter LadderDYES
78.8%
3-Letter LadderPUN
78%
3-Letter LadderPUB
76.9%
4-Letter Ladder🍴TACO🍴
62.5%
3-Letter Ladder🍴POP🍴
57.6%
4-Letter LadderTACT
53.7%
4-Letter Ladder🍴EYES🍴
52.1%
3-Letter Ladder🍴DEL🍴
42.3%

Today's Daily Dose

You're not logged in!

Compare scores with friends on all Sporcle quizzes.
OR
Log In

You Might Also Like...

Show Comments

Extras

Top Quizzes Today


Score Distribution

Your Account Isn't Verified!

In order to create a playlist on Sporcle, you need to verify the email address you used during registration. Go to your Sporcle Settings to finish the process.

Report this User

Report this user for behavior that violates our Community Guidelines.

Details: